Effective Daylighting with High-Performance Facades: Emerging Design Practices / (Record no. 8825)

MARC details
000 -LEADER
fixed length control field 00658nam a22001817a 4500
003 - CONTROL NUMBER IDENTIFIER
control field OSt
005 - DATE AND TIME OF LATEST TRANSACTION
control field 20260409135542.0
008 - FIXED-LENGTH DATA ELEMENTS--GENERAL INFORMATION
fixed length control field 260409b |||||||| |||| 00| 0 eng d
020 ## - INTERNATIONAL STANDARD BOOK NUMBER
International Standard Book Number 9783319818917
040 ## - CATALOGING SOURCE
Transcribing agency n
082 ## - DEWEY DECIMAL CLASSIFICATION NUMBER
Classification number 621.042 K66 2018
100 ## - MAIN ENTRY--PERSONAL NAME
Personal name konis, Kyle
245 ## - TITLE STATEMENT
Title Effective Daylighting with High-Performance Facades: Emerging Design Practices /
Statement of responsibility, etc. Kyle Konis & Stephen Selkowitz
260 ## - PUBLICATION, DISTRIBUTION, ETC.
Name of publisher, distributor, etc. Springer International Publishing, Cham, Switzerland. 2018
300 ## - PHYSICAL DESCRIPTION
Extent xvi, 269 pages : illustrations ; 24 cm
650 ## - SUBJECT ADDED ENTRY--TOPICAL TERM
Topical term or geographic name entry element Daylighting – Building facades – Energy-efficient buildings – Sustainable architecture
942 ## - ADDED ENTRY ELEMENTS (KOHA)
Source of classification or shelving scheme Dewey Decimal Classification
Koha item type English Book
Suppress in OPAC No
Holdings
Withdrawn status Lost status Source of classification or shelving scheme Damaged status Not for loan Home library Current library Date acquired Total Checkouts Full call number Barcode Date last seen Price effective from Koha item type
    Dewey Decimal Classification     CENTRAL TUWAIQ 04/09/2026   621.042 K66 2018 1000000029123 04/09/2026 04/09/2026 English Book